000 00491pab a2200169 454500
008 180718b2005 xxu||||| |||| 00| 0 eng d
100 _aDubash, Navroz K.
245 _aOf rocks and hard places: a critical overview of recent global experience with electricity restructuring
260 _c2005
300 _ap.5249-259.
362 _a10 Dec
650 _aElectricity
650 _aPower industry
700 _aSingh, Daljit
773 _aEconomic and Political Weekly
909 _a68244
999 _c68244
_d68244